Fr. Conceicao Rodrigues College of Engineering

Software Engineering (Record no. 30551)

MARC details
000 -LEADER
fixed length control field 00382nam a2200181Ia 4500
082 ## - DEWEY DECIMAL CLASSIFICATION NUMBER
Classification number 5.1
Item number SOM
100 ## - MAIN ENTRY--PERSONAL NAME
Personal name Sommerville/Ian
250 ## - EDITION STATEMENT
Edition statement 8
245 ## - TITLE STATEMENT
Title Software Engineering
260 ## - PUBLICATION, DISTRIBUTION, ETC.
Name of publisher, distributor, etc. Pearson Education
Date of publication, distribution, etc. 1989
366 ## - TRADE AVAILABILITY INFORMATION
Publishers's discount category 25
300 ## - PHYSICAL DESCRIPTION
Extent 864
546 ## - LANGUAGE NOTE
Language note ENGLISH
-- PAMPHALETS
650 ## - SUBJECT ADDED ENTRY--TOPICAL TERM
Topical term or geographic name entry element Software Engineering
654 ## - SUBJECT ADDED ENTRY--FACETED TOPICAL TERMS
Focus term software
942 ## - ADDED ENTRY ELEMENTS (KOHA)
Koha item type BOOK
Holdings
Withdrawn status Lost status Damaged status Not for loan Collection Home library Current library Date acquired Source of acquisition Cost, normal purchase price Inventory number Total Checkouts Full call number Barcode Date due Date last seen Date last checked out Cost, replacement price Price effective from Koha item type
        CRC Fr. Agnel's C.Rodrigues College of Engineering Fr. Agnel's C.Rodrigues- College of Engineering 17/03/2023 Allied Publishers 393.75 354 dt 30/04/2010 1 5.1 SOM 20649 17/10/2021 12/06/2023 12/06/2023 525.00   BOOK